000 00660nam a2200241Ia 4500
005 20260430150027.0
008 008 250103s9999 xx 000 0 eng d
037 _aTheses
040 _aCRL
040 _beng
040 _ceng
041 _2eng
041 _aeng
084 _qCRL
100 _aMandal Arijeet Au.; Panja Shormishtha Gu.
_91236234
245 0 _a"Messed up my stomach" : A study of concepts and natures of disgust in indian short fiction
260 _c2021
300 _a199p.
650 _aEnglish Fiction
700 _aUniversity of Delhi. Faculty of Arts. Department of English
942 _cTH
999 _c1848763
_d1848763